000 00373nam a2200145Ia 4500
008 230711s9999||||xx |||||||||||||| ||und||
041 _aENG
082 _bCO-P
100 _aCouncil of Architecture
245 0 _aHandbook of proffessional documents 2005
250 _a1st Ed.
260 _c2005
_aNew Delhi
_bCouncil of Architecture
650 _aArchitecture
942 _cBK
999 _c4416
_d4416